Normal view
MARC view
Entry Nome pessoal
001 - NÚMERO DE CONTROLE
- campo de controle: 646
003 - IDENTIFICADOR DO NÚMERO DE CONTROLE
- campo de controle: Br
005 - DATA E HORÁRIO DA ÚLTIMA TRANSAÇÃO
- campo de controle: 20250326134503.0
008 - CAMPO DE DADOS FIXOS
- campo de controle de tamanho fixo: 970909n| acnnnaab| aaaa |d
035 ## - NÚMERO DE CONTROLE DO SISTEMA
- Número de Controle do Sistema: 97110316420287E17
040 ## - FONTE DA CATALOGAÇÃO
- Instituição da catalogação original: Br
- Instituição que transcreveu o registro: Br
- Idioma da catalogação: por
100 1# - CABEÇALHO--NOME PESSOAL
- Nome pessoal: West, Morris,
- Datas associadas ao nome: 1916-1999.
400 1# - REMISSIVA VER--NOME PESSOAL
- Nome pessoal: East, Michael
- Datas associadas ao nome: 1916-1999
400 1# - REMISSIVA VER--NOME PESSOAL
- Nome pessoal: West, Morris L.
- Datas associadas ao nome: 1916-1999
400 1# - REMISSIVA VER--NOME PESSOAL
- Nome pessoal: West, Morris Langlo
- Datas associadas ao nome: 1916-1999
670 ## - FONTE POSITIVA DOS DADOS
- Citação da fonte positiva dos dados: Autor de: A filha do silêncio. 1996.
670 ## - FONTE POSITIVA DOS DADOS
- Citação da fonte positiva dos dados: LC on-line 03/11/97
- Dados encontrados na fonte localizada no subcampo: (rem. ; d.n.)
670 ## - FONTE POSITIVA DOS DADOS
- Citação da fonte positiva dos dados: Seu: Terra nua. 1960
- Dados encontrados na fonte localizada no subcampo: (pseud.)
670 ## - FONTE POSITIVA DOS DADOS
- Citação da fonte positiva dos dados: O Globo 11/10/1999
- Dados encontrados na fonte localizada no subcampo: (d.m.)
670 ## - FONTE POSITIVA DOS DADOS
- Citação da fonte positiva dos dados: http://catalogue.bnf.fr/ 15/12/2015
- Dados encontrados na fonte localizada no subcampo: (rem.: West, Morris Langlo)